00390 a2200097 4500001001000000005001700010008004100027245007100068100002400139773012900163ART_2350220260410161931.0260409a 10aPrevisiones sobre contabilidad en el proyecto de ley de sociedades1 aFargosi, Horacio P.0 tRevista de la Facultad de Ciencias Económicas de la Universidad de Cuyog- Año XIX, Nº 55/56 (ene./ago. 1967)wREV22981